000 00596nam a22001697a 4500
003 OSt
005 20260218144610.0
008 260218b |||||||| |||| 00| 0 eng d
040 _cMRSPTU
041 _aEnglish
100 _aSunil Kumar Srivastava, Supervisor: Dr. Sanjiv Kumar Aggarwal
245 _aA Case Study of Widening and Strengthening of Suratgarh-Sri Ganganagar Section of NH-62 as Per IRC:73-2015
260 _bDepartment of Civil Engg. MRSPTU, Bathinda
_c2017
650 _aCivil Engineering
856 _uhttp://163.47.215.52:8080/jspui/handle/123456789/427
942 _2ddc
_cTH
_n0
999 _c10941
_d10941